Sharan Rani Abhinandan Granth (Record no. 915136)

MARC details
000 -LEADER
fixed length control field 00671nam a2200229Ia 4500
003 - CONTROL NUMBER IDENTIFIER
control field OSt
005 - DATE AND TIME OF LATEST TRANSACTION
control field 20221002050645.0
008 - FIXED-LENGTH DATA ELEMENTS--GENERAL INFORMATION
fixed length control field 220930b |||||||| |||| 00| 0 hin d
037 ## - SOURCE OF ACQUISITION
Terms of availability Reference Collections
040 ## - CATALOGING SOURCE
Original cataloging agency CRL
Transcribing agency CRL
Language of cataloging hin
041 ## - LANGUAGE CODE
Source of code hin
Language code of text/sound track or separate title hin
100 ## - MAIN ENTRY--PERSONAL NAME
Personal name Sharan Rani
9 (RLIN) 571593
245 #0 - TITLE STATEMENT
Title Sharan Rani Abhinandan Granth
Remainder of title Felicitation volume
260 ## - PUBLICATION, DISTRIBUTION, ETC.
Place of publication, distribution, etc. New Delhi
Name of publisher, distributor, etc. Sharan Rani Abhinandan India India
Date of publication, distribution, etc. 1968
650 ## - SUBJECT ADDED ENTRY--TOPICAL TERM
Topical term or geographic name entry element MUSIC
9 (RLIN) 17402
942 ## - ADDED ENTRY ELEMENTS (KOHA)
Classification part NR2jN29, K8(RR)
Koha item type
Source of classification or shelving scheme Colon Classification (CC)
Holdings
Withdrawn status Lost status Damaged status Not for loan Home library Current library Date acquired Total Checkouts Full call number Barcode Date last seen Price effective from Koha item type
        Central Library Central Library 2022-10-02   NR2jN29 K8(RR) CL1001497 2022-10-02 2022-10-02  
Copyright @ Delhi University Library System